000 02987nam0a2200445 4500
001 RU\NLR\BIBL_A\012848716
005 20220818163409.0
010 _a978-5-904099-38-1
_9700
021 _aRU
_bКН-П-22-027109
_9КН-П-22-2325
035 _a(NLR Aleph) 012848716
035 _a(RuMoRGB)011056494
090 _a12420140
_c12420140
100 _a20220715d2022 u y0rusy50 ca
101 1 _arus
_cger
102 _aRU
105 _aac w 010zy
181 0 _ai3
_baxxe
182 0 _an
200 1 _aМолчание слова
_eпуть Дюрера, пройденный с Иеронимом
_eлекция к 500-летию Дюрера, Нюрнберг, 1971
_fХанс Урс фон Бальтазар
_gперевод [с немецкого] Александра Ярина
203 _aТекст
_bвизуальный
_cнепосредственный
210 _aМосква
_cGrundrisse
_d2022
215 _a78, [1] с.
_cил., портр.
_d20
300 _aПер. изд.: Die Stille des Wortes / Hans Urs von Balthasar. Freiburg, 1979
320 _aБиблиогр.: с. 71-72 (20 назв.)
320 _aУказ. имён: с. 73-75
330 _aОснову текста швейцарского богослова Ханса Урса фон Бальтазара (19051988) об образе св. Иеронима Стридонского, каким его понял и воплотил Альбрехт Дюрер, составляет лекция, прочитанная автором к 500-летию художника (Нюрнберг, 1971). Бальтазар с позиции христианского мыслителя и искусствоведа исследует, как эволюционирует у Дюрера восприятие жизненного и теологического подвига великого филолога, создателя канонического латинского текста Библии
454 0 _12001#$aDie Stille des Wortes$fHans Urs von Balthasar
_1210##$aFreiburg$d1979
_1700#1$aBalthasar$bH. U. von$f1905-1988$gHans Urs von$3RU\NLR\AUTH\7753325
_tDie Stille des Wortes
_aBalthasar, Hans Urs von (1905-1988)
606 1 _aБогословие католическое
_9994195
_3RU\NLR\AUTH\6658175
675 _a75.071.1(430)
_v4
686 2 _aЭ375-4
700 1 _7ca
_8rus
_aБальтазар
_bХ. У. фон
_f1905-1988
_gХанс Урс фон
_936249
_3RU\NLR\AUTH\7753317
702 0 _4280
_7ca
_8rus
_aИероним Блаженный
_fок.340-420
_9119083
_3RU\NLR\AUTH\779243
702 1 _4280
_7ca
_8rus
_aДюрер
_bА.
_f1471-1528
_gАльбрехт
_986017
_3RU\NLR\AUTH\77103091
942 _cBOOK
980 _aNB